MDQL
is popping MORE tags! Check the
thread
!
Quizzes
Events
Quiz Creation
Community
Videos
Private Events
Remove Ads
Sign In
Join for FREE
Feedback
Dark Mode
Quiz Categories
Sports
Geography
Music
Movies
Television
Just For Fun
Miscellaneous
History
Literature
Language
Science
Gaming
Entertainment
Religion
Holiday
For Kids
Quiz Lab
Recent
Popular Today
Quiz Kudos Today
Editor Picks
Curator Picks
Quizzes by...
Day
Popularity
Type
Ratings
Length
Year
Community
Subscriptions
Recent Discussions
Orange Saloon
Badges
Playlists
Quests
Create
Leaderboards
Showdown
Live 5
Trivia Bingo
Activity
Puzzle Library
Sporcle Events
Private Events
Virtual Trivia
Globe League
Become a Host
Pub Owners
SporcleCon
Opinionation
Our Games
Videos
Blog
Mobile Apps
Partnerships
Remove Ads and Go Orange
Feedback
Literature
Harry Potter
A Song of Ice and Fire
The Hunger Games
Literary Character
Shakespeare
Book
Author
Novel
Poem
Young Adult
Children's Books
Play
Lord of the Rings
Literature
Harry Potter
A Song of Ice and Fire
The Hunger Games
Literary Character
Shakespeare
Book
Author
Novel
Poem
Young Adult
Children's Books
Play
Lord of the Rings
Random Quiz
Search Sporcle
×
Quiz Lab
Quiz Lab
Literature
Harry Potter
Type in answers that appear in a list
Type in answers that appear in a list
Classic
Best Score? Go Orange.
HP 6 Characters Stats
Can you name the characters of Harry Potter and the Half Blood Prince?
By
MrMoose97
10m
183 Questions
768 Plays
768 Plays
768 Plays
Comments
Comments
Give Quiz Kudos
Give Quiz Kudos
-
- Ratings
hide this ad
Replay
Link that replays current quiz
Next Quiz
Link to next quiz in quiz playlist
You Got
0%
They Got
Avg Score
60%
Avg Friend Score
Upgrade to see
Score Distribution
Jump to the score distribution portion of the page
Score
0/183
Timer
10:00
0
Plays Today
Times Mentioned
Name
% Correct
2711
Harry Potter
96.6%
869
Ronald Weasley
96.1%
52
Bill Weasley
96%
231
Ginevra Weasley
95.7%
1012
Albus Dumbledore
95.4%
680
Hermione Granger
95.4%
79
Fred Weasley
95.4%
64
George Weasley
95.4%
2
Tobias Snape
95.3%
140
Molly Weasley
95.2%
82
Arthur Weasley
95.1%
4
Charlie Weasley
94.7%
391
Severus Snape
94.4%
22
Percy Weasley
94.4%
7
Lily Evans
93.2%
9
James Potter
93.1%
442
Voldemort
92.3%
402
Draco Malfoy
92.3%
55
Narcissa Malfoy
91%
411
Horace Slughorn
90%
1
Abraxas Malfoy
89.8%
62
Sirius Black
89.2%
86
Minerva McGonagall
88.7%
79
Neville Longbottom
87.9%
68
Remus Lupin
87.1%
23
Lucius Malfoy
87.1%
224
Rubeus Hagrid
86.8%
53
Dean Thomas
84.8%
55
Bellatrix Lestrange
84%
25
Seamus Finnigan
84%
3
Regulus Black
84%
8
Phineas Nigellus Black
83.7%
33
Gregory Goyle
83.5%
33
Vincent Crabbe
83.2%
61
Nymphadora Tonks
82.9%
55
Lavender Brown
82.6%
21
Filius Flitwick
82.2%
56
Katie Bell
81.4%
64
Luna Lovegood
80.9%
18
Pomona Sprout
80.7%
38
Dobby
80.2%
76
Cornelius Fudge
80.1%
9
Hedwig
79.6%
32
Merope Gaunt
79.4%
55
Marvolo Gaunt
79.2%
40
Morfin Gaunt
79.2%
27
Vernon Dursley
79.2%
11
Dudley Dursley
79.2%
10
Petunia Dursley
79.2%
12
Tom Riddle, Sr.
78.9%
5
Cho Chang
78.9%
1
Hector Dagworth-Granger
78.3%
57
Kreacher
78.1%
12
Dolores Umbridge
78%
3
Augusta Longbottom
77.9%
42
Sibyll Trelawney
76.2%
18
Zacharias Smith
76.2%
84
Rufus Scrimgeour
75.8%
25
Hepzibah Smith
75.8%
55
Fleur Delacour
75%
4
Mad-eye Moody
74.9%
Times Mentioned
Name
% Correct
73
Cormac McLaggen
74.5%
41
Argus Filch
73.4%
19
Ernie Macmillan
71.7%
30
Madam Pomfrey
70.8%
6
Nearly Headless Nick
70.4%
10
Fang
69.7%
24
Aragog
69.3%
44
Blaise Zabini
68.9%
6
Firenze
68.8%
3
Susan Bones
68.8%
28
Fenrir Greyback
68%
9
Peter Pettigrew
68%
19
Hokey
67.1%
4
Pigwidgeon
66.9%
6
Amycus Carrow
66.5%
2
Gabrielle Delacour
66.4%
2
Alecto Carrow
65.9%
6
Viktor Krum
64.6%
6
Amelia Bones
64.5%
4
Bloody Baron
63.8%
14
Peeves
63.5%
1
Ernie Prang
62.9%
1
Oliver Wood
62.8%
66
Bob Ogden
62.5%
4
Madam Pince
62.4%
18
Pansy Parkinson
62.1%
1
Cedric Diggory
60.8%
4
Ollivander
60.7%
21
Madam Rosmerta
60.4%
14
Buckbeak
60.3%
17
Fat Lady
60.3%
4
Kingsley Shacklebolt
59.9%
17
Parvati Patil
59.5%
1
Dolohov
59.5%
12
Salazar Slytherin
59.1%
1
Lee Jordan
59%
33
Mr. Borgin
58.7%
11
Caractacus Burke
58.6%
7
Godric Gryffindor
58.6%
4
Madam Hooch
58.6%
3
Helga Hufflepuff
58.3%
6
Rowena Ravenclaw
58.1%
5
Tom
57.8%
21
Mundungus Fletcher
57.6%
1
Gilderoy Lockhart
56.9%
3
Avery
56.8%
2
Igor Karkaroff
56.3%
1
Terry Boot
56%
6
Gwenog Jones
55.9%
21
Mrs. Cole
55.6%
17
Moaning Myrtle
55.6%
3
Quirnius Quirrell
55.3%
9
Grawp
55.1%
20
Leanne
54.9%
12
Jimmy Peakes
54.9%
1
Yaxley
54.8%
13
Madam Malkin
53.6%
1
Arabella Figg
53.5%
3
Mrs Norris
53.4%
9
Fawkes
53.4%
12
Stan Shunpike
53%
Times Mentioned
Name
% Correct
13
Marcus Belby
52%
1
Madam Maxime
51.8%
2
Nagini
51.6%
5
Nott
51.2%
18
Romilda Vane
50.8%
2
Hannah Abbott
50.8%
2
Trevor
50.7%
16
Demelza Robins
47.9%
7
Armando Dippet
47.9%
1
Professor Vector
46.2%
1
Rita Skeeter
45.7%
3
Michael Corner
44.8%
3
Emmeline Vance
44.7%
4
Florean Fortescue
44.3%
3
Montague
44.3%
10
Ritchie Coote
43.5%
4
Dawlish
43%
2
Marietta Edgecombe
42.7%
4
Arnold
42.4%
2
Professor Grubbly-Plank
42.1%
7
Eileen Prince
41.7%
1
Mulciber
39.6%
4
Jack Sloper
38.9%
2
Dennis Bishop
37.5%
2
Amy Benson
34%
1
Dirk Cresswell
33.9%
10
Harper
33.2%
3
Billy Stubbs
32.4%
8
Celestina Warbeck
32.2%
5
Sanguini
32.2%
1
Violet
31.6%
3
Gibbon
31.4%
1
Everard
31.3%
3
Herbert Chorley
30.5%
1
Barnabas Cuffe
28.9%
6
Eldred Worple
28.8%
3
Galatea Merrythought
28.8%
1
Proudfoot
28.6%
1
Cecilia
28.1%
1
Rosier
27.7%
2
Urquhart
26.8%
1
Savage
26.2%
3
Auntie Muriel
26%
1
Eloise Midgen
25%
1
Verity
24.9%
2
Rupert 'Axebanger' Brookstanton
24.6%
2
Rosalind Antigone Bungs
24.3%
3
Libatius Borage
23.6%
1
Eric Whalley
23.2%
1
Ciceron Harkiss
22.3%
1
Melinda Bobbin
22.3%
1
Gawain Robards
22.3%
1
Arkie Philpott
21.4%
4
Cadwallader
21%
2
Bertie Higgs
20.4%
1
Martha
18.5%
1
Humphrey Belcher
17.3%
1
Ambrosius Flume
17.2%
3
Vaisley
15.9%
1
Octavius Pepper
14.6%
2
Bertram Aubrey
6.8%
Quiz Playlist
Details
Report
Send in Message
Add To Playlist
Classic:
Type in answers that appear in a list
Last Updated: Feb 16, 2017
Quiz Scoreboard
CHALLENGE
Sign Up to Join the Scoreboard
Show All
Scores
Hide
Comments
May contain spoilers
Recently Published
Colored Red Africa Blitz
by spor1
Geography
30s
Find the 'City' Movie
by crazypaving
Movies
60s
5x2 Blitz: Bands
by SL_Kpop136
Music
30s
More to Explore
Quiz From the Vault
Featured Blog Post
14 Easter Pick-up Lines to Find Eggs With
hide this ad
You Might Also Like...
Tags
Harry Potter Quiz
blood
Character
half
Half Blood
mentions
prince
Today's Top Quizzes in Literature
Browse Literature
hide this ad
Today's Top Quizzes in Harry Potter
Browse Harry Potter
Top Contributed Quizzes in Literature
1
Sneaky Slytherin Logic Puzzle
2
Harry Potter Slytherin Logic Puzzle
3
Get The Picture: Black or White Literature
4
A Song of Ice and Fire Logic Puzzle
5
Logic Puzzle: Avoid Dumbledore's Army
6
Mini Trivia Sudoku: A Song of Ice and Fire
7
'Middle' Earth
8
Quick Pick: Easter in Book Titles
9
Books By Opening Lines IV
10
The Hunger Games Logic Puzzle: Find Katniss
Explore More
Trending Topics
Harry Potter
Crossword
Marvel
Kpop
Anime
NBA
Disney
The Office
Pokémon
WWE
NFL
Song
Soccer
Puzzle
Country
hide this ad
More By:
MrMoose97
Quiz
Plays
Rating
Category
Featured
Created
HP 6 Characters
768
2.33
Literature
Jul 15, 2012
'A Rush of Blood to the Head' Lyrics
307
2.67
Music
Jun 14, 2014
Go to Creator's Profile
Score Distribution
Quiz Creator Spotlight
MrMoose97
Follow
Send a Message
Quizzes Created
-
Created Quiz Play Count
-
More By This Creator
Popular Quizzes Today
1
Colored Red Africa Blitz
2
Find the US States - No Outlines Minefield
3
Find the 'City' Movie
4
5x2 Blitz: Bands
5
The Countries of the World
6
Find the US States
7
Find the Countries of Europe - No Outlines Minefield
8
US States
More Literature Quizzes
3-2-1 Book Titles
Published
Trending Quizzes
Colored Red Europe Blitz I
Colored Red Europe Blitz II
Colored Red Africa Blitz II
Colored Red Europe Blitz III
Colored Red Africa Blitz III
Recently Updated
How Do You Spell That?
pecheneg
Godzilla Movies
pecheneg
Grab Bag: 4-10 Letters
pecheneg
2024 March Madness Bracket
pecheneg
Famous TV Couples
Peacemaker
Champions League XIs: Real Madrid
pecheneg
Largest US Cities 1790-2010
pecheneg
Rides in Walt Disney World
pecheneg
Most Oscar Losses (Acting)
pecheneg
Beyoncé Albums
pecheneg
Trending Topics
Anime
Disney
Kpop
NBA
Harry Potter
Crossword
Marvel
The Office
Song
Pokémon
NFL
Soccer
Puzzle
WWE
Country
Your Account Isn't Verified!
In order to create a playlist on Sporcle, you need to verify the email address you used during registration. Go to your
Sporcle Settings
to finish the process.
Report this User
Report this user for behavior that violates our
Community Guidelines
.
Details:
Send Report
Go to the Sporcle.com Mobile Site →
Comments